01646nam a2200385 a 4500001001000000003000900010005001700019007001000036008004100046020003400087020002500121020002500146040002200171082002100193092000600214240003800220245010300258250001200361260003500373300002600408500004000434500004900474650001600523700002200539700002700561910003700588942001200625952013100637952013400768952013000902952013501032956003901167956003901206999001501245000014978DO-SdBNP20170915131831.0000014978100128s2007 sp f 000 0 spa d a9788478410798 (obra completa) a9788478410804 (V. I) a9788478410811 (V. 2) aBPMSUbspacBPMSU 4aR 636.089bM294m a  aThe Merck veterinary manuallspa00aManual Merck de veterinaria /ceditor, Cynthia M. Kahn ; editor asociado, Scott Line ... [et al.]. a6a. ed. aBarcelona :bOcéano,c2007. a2 v. :bil. ;c26 cm. aEdición especial 50º aniversario aTraducción de: The Merck veterinary manual 4aVETERINARIA12aLine, Scott,eed.12aKahn, Cynthia M.,eed. aValidado. Control de calidad MFF 2ddccBK 00102ddc40708CR-GaBPMETbBPMETd2015-09-18eCompral0oR 636.089 M294m pBPMSU15090134r2015-09-18tv. 1w2015-09-18yBK 00102ddc40708CR-GaBPMETbBPMETd2016-09-02eCompral0oR636.089 M294m pBPMSU16090036r2016-09-02tv. 1, e.2w2016-09-02yBK 00102ddc40708CR-GaBPMETbBPMETd2016-09-02eCompral0oR636.089 M294m pBPMSU16090037r2016-09-02tv. 2w2016-09-02yBK 00102ddc40708CR-GaBPMETbBPMETd2017-09-15eCompral0oR 636.089 M294mpBPMET17090017r2017-09-15tv. 2, e. 2w0000-00-00yBK aMFILETOb04c20121113lBND01h1048 aVMATEOb10c20150918lBPMSUh00151 c8276d8276